000 00499nmm a2200169Ia 4500
008 251105s9999||||xx |||||||||||||||||und||
020 _a9789681686208
041 _aspa
100 _aZepeda, Minique
245 0 _aKassunguilà
264 _a[México D.C., Mexico] :
_bFondo de Cultura Económica,
_c2016
300 _a48 páginas
490 _aLos Especiales de A la Orilla del Viento
650 _aAges 6-8 Years Old
856 _uhttps://public.digitaliapublishing.com/a/43803
942 _cCF
999 _c97109
_d97109